<?xml version="1.0" encoding="UTF-8"?>
<marc:record xmlns:marc="http://www.loc.gov/MARC21/slim">
   <marc:leader>00000nam a2200000 a 4500</marc:leader>
   <marc:datafield ind1="1" ind2=" " tag="100">
      <marc:subfield code="a">Sacher-Masoch, Leopold von</marc:subfield>
   </marc:datafield>
   <marc:datafield ind1="1" ind2=" " tag="100">
      <marc:subfield code="a">Amalric, Mathieu</marc:subfield>
   </marc:datafield>
   <marc:datafield ind1="1" ind2=" " tag="100">
      <marc:subfield code="a">Seigner, Emmanuelle</marc:subfield>
   </marc:datafield>
   <marc:datafield ind1="1" ind2=" " tag="100">
      <marc:subfield code="a">Polanski, Roman</marc:subfield>
   </marc:datafield>
   <marc:datafield ind1="0" ind2="0" tag="245">
      <marc:subfield code="a">Venus im Pelz [Bildtonträger]</marc:subfield>
   </marc:datafield>
   <marc:datafield ind1="0" ind2="0" tag="245">
      <marc:subfield code="c">Regie: Roman Polanski. Mit Emmanuelle Seigner, Mathieu Amalric ... Nach der betühmten Novelle von Leopold von Sacher-Masoch</marc:subfield>
   </marc:datafield>
   <marc:datafield ind1=" " ind2="1" tag="264">
      <marc:subfield code="b">EuroVideo Medien GmbH</marc:subfield>
      <marc:subfield code="c">2014</marc:subfield>
   </marc:datafield>
   <marc:datafield ind1="1" ind2=" " tag="520">
      <marc:subfield code="a">Nach einem langen Casting-Tag ist der Pariser Theaterregisseur Thomas kurz davor alles hinzuwerfen. Keine Bewerberin entspricht seinen Vorstellungen. Da taucht plötzlich Vanda auf, die all das zu verkörpern scheint, was er zutiefst verabscheut. Sie ist vulgär, naiv und ungebildet - und würde vor nichts zurückschrecken, um die Rolle zu bekommen. Als sie ihm eine Kostprobe ihres Könnens liefert, erlebt Thomas eine erstaunliche Verwandlung. Und schon bald entwickelt sich zwischen beiden ein intensives Spiel, bei dem verborgenste Leidenschaften zutage treten...</marc:subfield>
   </marc:datafield>
   <marc:datafield ind1=" " ind2=" " tag="020">
      <marc:subfield code="a">4009750222621</marc:subfield>
      <marc:subfield code="9">4009750222621</marc:subfield>
   </marc:datafield>
   <marc:datafield ind1=" " ind2=" " tag="500">
      <marc:subfield code="a">Orig. : Frankreich/Polen 2013. Sprache: Deutsch (Dolby Digital 5.1), Französisch (Dolby Digital 5.1). Untertitel: Deutsch</marc:subfield>
   </marc:datafield>
   <marc:datafield ind1="0" ind2=" " tag="490">
      <marc:subfield code="v">0</marc:subfield>
   </marc:datafield>
   <marc:datafield ind1=" " ind2=" " tag="300">
      <marc:subfield code="a">1 DVD (92 Min.) : farbig</marc:subfield>
   </marc:datafield>
</marc:record>
